000 00708nam a2200229Ia 4500
003 GCL
008 140319s9999 xx 000 0 ara d
040 _aGCL /
_cGCL
082 0 4 _a157.4
_bم س
100 1 _aمختار حمزة
245 1 0 _aسيكولوجية ذوى العاهات /
_cمختار حمزة
300 _a330 ص
490 _aسلسلة النشرات الفنية
_v0
650 0 4 _aعلم النفس المرضى
650 0 4 _aالعلاج النفسى
650 0 4 _aعلم النفس العلاجى
650 0 4 _aالتأهيل المهنى
650 0 4 _aالتوجية المهنى
650 0 4 _aالمعوقون - تشغيل
650 0 4 _aالمعوقون
942 _2ddc
_cBK
999 _c48696
_d48696